20 sifat fitrah anak

Bibliographic Details
Main Author: Muhammad Thalib
Format: Book
Published: Kuala Lumpur : Darul Nu'man , 1999
Series:Siri Keluarga Gemilang
Subjects:

MARC

LEADER 00000cam a2200000 7i4500
001 0000013134
005 20080108.0
008 080108
020 |a 9830461645 
090 0 0 |a 297.56   |b MUH 
100 0 |a Muhammad Thalib 
245 1 0 |a 20 sifat fitrah anak   |c Muhammad Thalib 
246 0 |a Dua puluh sifat fitrah anak 
260 |a Kuala Lumpur :   |b Darul Nu'man ,   |c 1999 
440 |a Siri Keluarga Gemilang 
650 0 |a Islam   |x Customs and practices 
650 0 |a Muslim children   |x religious life 
740 0 |a Dua puluh sifat fitrah anak 
999 |a 0001009408   |b Book   |c Adult Collection   |e Perbadanan Perpustakaan Awam Johor 
999 |a 0001009409   |b Book   |c Adult Collection   |e Perbadanan Perpustakaan Awam Johor 
999 |a 0001009410   |b Book   |c Adult Collection   |e Perbadanan Perpustakaan Awam Johor